[Event "FIDE Wch"]
[Site "Las Vegas"]
[Date "1999.08.06"]
[Round "3.1"]
[White "Ivanchuk, Vassily"]
[Black "Shipov, Sergey"]
[Result "1-0"]
[WhiteElo "2702"]
[BlackElo "2658"]
[PlyCount "73"]
[EventDate "1999.07.??"]
[Source "www.chesslib.no"]
[SourceDate "2004.05.04"]

1. d4 Nf6 2. c4 g6 3. Nc3 d5 4. Bg5 Bg7 5. Nf3 Ne4 6. Bf4 Nxc3 7. bxc3 c5 8. e3 O-O 9. cxd5 cxd4 10. cxd4 Qxd5 11. Be2 Qa5+ 12. Qd2 Nc6 13. Qxa5 Nxa5 14. Bc7 Nc6 15. Rb1 Nxd4 16. exd4 Be6 17. Rxb7 Bxa2 18. Kd2 Bd5 19. Rb5 Be4 20. Rc1 Rfc8 21. Bg3 e6 22. Ng5 Bxg2 23. f3 h6 24. Ne4 Rd8 25. Nd6 Bf8 26. Nxf7 Rac8 27. Rxc8 Rxc8 28. Kd3 g5 29. Nd6 Bxf3 30. Bxf3 Bg7 31. Nc4 Bf8 32. Ne5 Bg7 33. d5 Kh7 34. Ke4 h5 35. d6 h4 36. d7 h3 37. Kd4 1-0

[Event "Las Vegas (m/1)"]
[Site "?"]
[Date "1999.??.??"]
[Round "?"]
[White "Ivanchuk, V."]
[Black "Shipov, S."]
[Result "1-0"]
[WhiteElo "2700"]
[BlackElo "2655"]
[PlyCount "89"]
[EventDate "1999.??.??"]
[Source "Chess Informant"]
[SourceDate "1999.06.01"]

1. d4 Nf6 2. c4 g6 3. Nc3 d5 4. Bg5 Bg7 5. Nf3 Ne4 6. Bf4 Nxc3 7. bxc3 c5 8. e3 O-O 9. cxd5 cxd4 10. cxd4 Qxd5 11. Be2 Qa5+ 12. Qd2 Nc6 13. Qxa5 Nxa5 14. Bc7 Nc6 15. Rb1 Be6 16. Rxb7 Bxa2 17. Kd2 Bd5 18. Rb5 Be4 19. Rc1 Rfc8 20. Bg3 e6 21. Ng5 Bxg2 22. f3 h6 23. Ne4 Ne7 24. Rxc8+ Rxc8 25. Nd6 Rd8 26. Rb7 Bf8 27. Rxa7 Nf5 28. Nxf7 Rc8 29. Kd3 Nxg3 30. hxg3 g5 31. g4 Bg7 32. Nd6 Rf8 33. Re7 Bxf3 34. Bxf3 Rxf3 35. Rxe6 Bf8 36. Nc4 Rg3 37. Ne5 Bg7 38. Re8+ Kh7 39. d5 Rg1 40. Ke4 h5 41. d6 h4 42. d7 h3 43. d8=Q h2 44. Qd3 h1=Q+ 45. Kd4+ 1-0

[Event "Porzellan Cup"]
[Site "Dresden"]
[Date "2000.??.??"]
[Round "2.2"]
[White "Boensch, Uwe"]
[Black "Shirov, Alexei"]
[Result "1-0"]
[WhiteElo "2545"]
[BlackElo "2750"]
[PlyCount "97"]
[EventDate "2000.01.??"]
[Source "ChessBase"]
[SourceDate "2000.03.10"]

1. d4 Nf6 2. c4 g6 3. Nc3 d5 4. Nf3 Bg7 5. Bg5 Ne4 6. Bf4 Nxc3 7. bxc3 c5 8. e3 O-O 9. cxd5 Qxd5 10. Be2 cxd4 11. cxd4 Qa5+ 12. Qd2 Nc6 13. Qxa5 Nxa5 14. Bc7 Nc6 15. O-O Be6 16. Rfb1 Bd5 17. Rb5 e6 18. a4 Rac8 19. Bg3 b6 20. Nd2 Na5 21. Bf3 Bxf3 22. gxf3 Rc2 23. Ne4 Rfc8 24. Nd6 Rc1+ 25. Kg2 Rxa1 26. Nxc8 Nc6 27. d5 exd5 28. Rxd5 Bf8 29. Rd7 Rxa4 30. Rc7 Rc4 31. Nxa7 Na5 32. Rd7 Rc5 33. Bc7 Nc4 34. Bd8 Kg7 35. Rb7 Ra5 36. Nc6 Rb5 37. Nd4 Rb2 38. Ne6+ Kg8 39. Nxf8 Nxe3+ 40. Kh3 Rxf2 41. Nd7 Rxf3+ 42. Kh4 Kg7 43. Bxb6 Ng2+ 44. Kg4 Ne1 45. Bd4+ Kh6 46. Nf6 g5 47. Ng8+ Kg6 48. Ne7+ Kh6 49. Nf5+ 1-0

[Event "Portoroz"]
[Site "?"]
[Date "1999.??.??"]
[Round "?"]
[White "Kozul, Z."]
[Black "Zvjaginsev, V."]
[Result "0-1"]
[WhiteElo "2585"]
[BlackElo "2655"]
[PlyCount "56"]
[EventDate "1999.??.??"]
[Source "Chess Informant"]
[SourceDate "1999.06.01"]

1. d4 Nf6 2. Nf3 g6 3. c4 Bg7 4. Nc3 d5 5. Bg5 dxc4 6. e3 Be6 7. Nd2 c5 8. Bxf6 Bxf6 9. Nde4 cxd4 10. Nxf6+ exf6 11. exd4 Bd5 12. Qa4+ Nc6 13. Qb5 Qe7+ 14. Kd2 O-O-O 15. Nxd5 Rxd5 16. Qxd5 Rd8 17. Qxc4 Rxd4+ 18. Qxd4 Nxd4 19. Rc1+ Kb8 20. Rc4 Qe4 21. h4 b5 22. Rc3 Qb1 23. Ke3 Qxb2 24. Rd3 Nc2+ 25. Kf4 Ne1 26. Rd8+ Kc7 27. Re8 Qxf2+ 28. Kg4 Nxg2 0-1

[Event "Olimpiadi 2008 - open"]
[Site "Dresda GER"]
[Date "2008.11.17"]
[Round "5"]
[White "Papaioannou, I."]
[Black "Kazhgaleyev, M."]
[Result "1-0"]
[WhiteElo "2597"]
[BlackElo "2640"]
[PlyCount "140"]
[EventDate "2008.11.13"]
[Source "www.chesslib.no"]
[SourceDate "2004.05.04"]

1. d4 Nf6 2. c4 g6 3. Nc3 d5 4. Nf3 Bg7 5. Bg5 Ne4 6. Bh4 Nxc3 7. bxc3 dxc4 8. Qa4+ Qd7 9. Qxc4 b6 10. e3 Ba6 11. Qb3 Bxf1 12. Kxf1 O-O 13. Ke2 c5 14. Rhd1 cxd4 15. cxd4 Nc6 16. Qb5 Rfc8 17. Rab1 e6 18. Kf1 Nb8 19. a4 a5 20. Qb3 Nc6 21. Qb5 Qe8 22. Nd2 Nb4 23. Qxe8+ Rxe8 24. Nc4 Reb8 25. Bg3 Rb7 26. Nd6 Rd7 27. Rdc1 Bf8 28. Nb5 Be7 29. Rc4 f6 30. Rbc1 Kf7 31. Rc7 Rad8 32. Ke2 e5 33. Rxd7 Rxd7 34. dxe5 fxe5 35. Rc8 Nd3 36. Nc3 Bc5 37. Ne4 Ke6 38. Re8+ Kf5 39. f3 g5 40. Bxe5 Nxe5 41. g4+ Nxg4 42. fxg4+ Kg6 43. Rg8+ Kf7 44. Rxg5 Be7 45. Rh5 Kg7 46. Rb5 Bd8 47. h4 Bxh4 48. Rxb6 Be7 49. Ng3 Bb4 50. Kf3 Rd1 51. Nf5+ Kf7 52. Rb7+ Kf6 53. Rxh7 Ra1 54. Kf4 Rf1+ 55. Ke4 Ra1 56. Rg7 Rg1 57. g5+ Rxg5 58. Rxg5 Kxg5 59. Ke5 Bd2 60. Ke6 Kg4 61. e4 Kf4 62. Kd5 Kg5 63. Ke6 Kf4 64. Nd6 Bb4 65. e5 Bc3 66. Nc4 Ke4 67. Kd6 Kd4 68. Nxa5 Bxa5 69. e6 Bb4+ 70. Kc6 Ke4 1-0

[Event "Jugoslavija"]
[Site "?"]
[Date "1995.??.??"]
[Round "?"]
[White "Zvjaginsev, V."]
[Black "Svidler, P."]
[Result "1/2-1/2"]
[WhiteElo "2600"]
[BlackElo "2635"]
[PlyCount "43"]
[EventDate "1995.??.??"]
[Source "ChessBase"]
[SourceDate "1995.06.01"]

1. d4 Nf6 2. c4 g6 3. Nc3 d5 4. Bg5 Bg7 5. Nf3 c5 6. Bxf6 Bxf6 7. cxd5 Qb6 8. e3 Qxb2 9. Qc1 Qxc1+ 10. Rxc1 cxd4 11. Nb5 Na6 12. Nbxd4 b6 13. Bb5+ Kf8 14. e4 Bxd4 15. Nxd4 Nc5 16. f3 e6 17. Bc4 exd5 18. Bxd5 Rb8 19. O-O Bb7 20. Nb3 Bxd5 21. Nxc5 bxc5 22. exd5 1/2-1/2

[Event "TCh-ROM A"]
[Site "?"]
[Date "2005.05.26"]
[Round "6"]
[White "Istratescu Andrei"]
[Black "Iordachescu Viorel"]
[Result "1/2-1/2"]
[WhiteElo "2624"]
[BlackElo "2609"]
[PlyCount "79"]
[EventDate "2005.??.??"]
[Source "www.chesslib.no"]
[SourceDate "2004.05.04"]

1. d4 Nf6 2. c4 g6 3. Nc3 d5 4. Nf3 Bg7 5. Bg5 dxc4 6. e3 c5 7. Bxc4 cxd4 8. Qxd4 Qxd4 9. Nxd4 O-O 10. O-O Bd7 11. Nd5 Nxd5 12. Bxd5 Nc6 13. Bxc6 bxc6 14. Bxe7 Rfb8 15. b3 a5 16. Rac1 Bxd4 17. exd4 a4 18. Rc3 axb3 19. axb3 Kg7 20. h3 Ra2 21. b4 Rba8 22. Rfc1 Re2 23. Bd6 Raa2 24. Rf3 Re6 25. Bc5 Re4 26. Rcc3 g5 27. Rce3 Rxe3 28. Rxe3 Be6 29. Be7 h6 30. h4 Ra7 31. Bc5 Ra4 32. Kh2 Ra2 33. hxg5 hxg5 34. Re5 Kg6 35. Be7 Rxf2 36. Rxg5+ Kh6 37. Ra5 Bd5 38. b5 Rxg2+ 39. Kh3 Rd2 40. bxc6 1/2-1/2

[Event "Politiken Cup"]
[Site "Helsingor DAN"]
[Date "2008.07.23"]
[Round "6"]
[White "Iljushin, A."]
[Black "Roiz, M."]
[Result "1/2-1/2"]
[WhiteElo "2546"]
[BlackElo "2680"]
[PlyCount "27"]
[EventDate "2008.07.19"]
[Source "www.chesslib.no"]
[SourceDate "2004.05.04"]

1. d4 Nf6 2. c4 g6 3. Nc3 d5 4. Bg5 Ne4 5. Bh4 c5 6. cxd5 Nxc3 7. bxc3 Qxd5 8. e3 Bg7 9. Nf3 Nc6 10. Be2 cxd4 11. cxd4 Qa5+ 12. Qd2 Qxd2+ 13. Kxd2 O-O 14. Rab1 1/2-1/2

[Event "NED-ch"]
[Site "Leeuwarden"]
[Date "2002.06.27"]
[Round "7"]
[White "Sokolov, Ivan"]
[Black "Nijboer, Friso"]
[Result "1/2-1/2"]
[WhiteElo "2647"]
[BlackElo "2578"]
[PlyCount "52"]
[EventDate "2002.06.20"]
[Source "ChessBase"]
[SourceDate "2002.09.20"]

1. d4 Nf6 2. c4 g6 3. Nc3 d5 4. Bg5 Ne4 5. Bh4 Nxc3 6. bxc3 Bg7 7. e3 c5 8. cxd5 cxd4 9. cxd4 Qxd5 10. Nf3 Nc6 11. Be2 O-O 12. O-O Bf5 13. Qa4 e5 14. Bc4 Qa5 15. Qxa5 Nxa5 16. Bd5 exd4 17. Nxd4 Nc6 18. Rad1 Nxd4 19. exd4 Rab8 20. Rfe1 Rfe8 21. Rxe8+ Rxe8 22. h3 Be6 23. Bxb7 Rb8 24. Bc6 Rb4 25. d5 Bxd5 26. Rxd5 Rxh4 1/2-1/2

[Event "Israel 85/408"]
[Site "?"]
[Date "2002.??.??"]
[Round "?"]
[White "Kantsler, B."]
[Black "Smirin, I."]
[Result "1/2-1/2"]
[WhiteElo "2519"]
[BlackElo "2702"]
[PlyCount "146"]
[EventDate "2002.??.??"]
[Source "Chess Informant"]
[SourceDate "2002.06.01"]

1. d4 Nf6 2. c4 g6 3. Nc3 d5 4. Nf3 Bg7 5. Bg5 Ne4 6. Bf4 Nxc3 7. bxc3 c5 8. cxd5 Qxd5 9. e3 O-O 10. Be2 cxd4 11. cxd4 Nc6 12. O-O Bf5 13. Qa4 Qa5 14. Qb3 Qb4 15. Rfc1 Qxb3 16. axb3 Rfc8 17. h3 a6 18. Bc4 Bd7 19. Ng5 e6 20. Bd6 Na7 21. Ne4 Nb5 22. Bg3 Bc6 23. Bd3 Bd5 24. b4 Rxc1+ 25. Rxc1 Bc6 26. Nc5 Bf8 27. Be5 Be7 28. Ra1 Rc8 29. Bc4 Kf8 30. Bb3 Ke8 31. Ba4 Nc3 32. Bxc6+ Rxc6 33. Nxb7 Bxb4 34. Na5 Ne2+ 35. Kh2 Rc1 36. Ra4 Be1 37. Ra2 Nc3 38. Rb2 Rb1 39. Rc2 f6 40. Bg3 Kd7 41. f3 Nd5 42. Nc4 Bxg3+ 43. Kxg3 Rb8 44. e4 Nb4 45. Rc3 Nc6 46. d5 exd5 47. exd5 Nb4 48. Rb3 Kc7 49. d6+ Kc6 50. Rc3 Kd7 51. Ra3 Rb5 52. Ra4 Rb8 53. Ra3 Kc6 54. h4 Rb5 55. Ra4 h5 56. Kh2 Rb8 57. Ra1 Kb5 58. Rc1 Rd8 59. Na3+ Ka4 60. Nc4 Nc6 61. d7 Kb5 62. Nd6+ Kb6 63. Nc8+ Kb7 64. Nd6+ Kc7 65. Ne8+ Kxd7 66. Nxf6+ Kc7 67. g4 a5 68. gxh5 gxh5 69. Nxh5 Rh8 70. Nf4 Rxh4+ 71. Kg3 Rh8 72. Nd5+ Kd6 73. Nb6 Nd4 1/2-1/2

[Event "TCh-FRA Top 16 Gp B"]
[Site "Cannes FRA"]
[Date "2008.03.24"]
[Round "3"]
[White "Postny, E."]
[Black "Kazhgaleyev, M."]
[Result "1/2-1/2"]
[WhiteElo "2627"]
[BlackElo "2594"]
[PlyCount "166"]
[EventDate "2008.03.22"]
[Source "www.chesslib.no"]
[SourceDate "2004.05.04"]

1. d4 Nf6 2. Nf3 g6 3. c4 Bg7 4. Nc3 d5 5. Bg5 dxc4 6. Qa4+ Nfd7 7. e3 c5 8. dxc5 Nc6 9. Qxc4 Qa5 10. Be2 Nxc5 11. O-O Be6 12. Qb5 Bxc3 13. bxc3 Qxb5 14. Bxb5 Bd7 15. Nd4 Nxd4 16. Bxd7+ Kxd7 17. cxd4 Ne4 18. Bh4 Rhc8 19. Rfb1 b6 20. f3 Nc3 21. Rb2 Rc4 22. Be1 Na4 23. Rd2 Rac8 24. Kf2 Rc1 25. Rxc1 Rxc1 26. Re2 b5 27. e4 Nc3 28. Bxc3 Rxc3 29. Re3 Rc2+ 30. Re2 Rc4 31. Ke3 b4 32. d5 Kd6 33. Rd2 a5 34. h4 f5 35. Kf4 a4 36. h5 b3 37. axb3 axb3 38. hxg6 hxg6 39. Rb2 Rb4 40. Kg5 fxe4 41. fxe4 Ke5 42. Kxg6 Kxe4 43. Kf7 Kxd5 44. Kxe7 Kd4 45. g4 Kc3 46. Rxb3+ Rxb3 47. g5 Kd4 48. g6 Ke5 49. g7 Rb7+ 50. Kf8 Kf6 51. g8=N+ Ke6 52. Nh6 Rh7 53. Ng8 Rf7+ 54. Ke8 Rf1 55. Nh6 Rf2 56. Ng8 Ra2 57. Kf8 Ra7 58. Nh6 Kf6 59. Ng8+ Ke6 60. Nh6 Rh7 61. Ng8 Rf7+ 62. Ke8 Rg7 63. Kf8 Rg6 64. Ne7 Rf6+ 65. Ke8 Rf3 66. Ng8 Rf4 67. Nh6 Rf6 68. Ng8 Rf1 69. Nh6 Kf6 70. Ng8+ Kg7 71. Ne7 Rd1 72. Nc8 Kf6 73. Nb6 Ke6 74. Nc8 Rd7 75. Nb6 Rb7 76. Nc8 Rb5 77. Kd8 Rc5 78. Nb6 Rb5 79. Kc7 Rb1 80. Nc8 Rc1+ 81. Kd8 Rc6 82. Ne7 Rd6+ 83. Ke8 Rd7 1/2-1/2

[Event "Rubinstein mem"]
[Site "Polanica Zdroj"]
[Date "1995.??.??"]
[Round "9"]
[White "Ehlvest, Jaan"]
[Black "Krasenkow, Michal"]
[Result "1/2-1/2"]
[WhiteElo "2630"]
[BlackElo "2590"]
[PlyCount "21"]
[EventDate "1995.08.??"]
[Source "ChessBase"]

1. d4 Nf6 2. Nf3 g6 3. c4 Bg7 4. Nc3 d5 5. Bg5 Ne4 6. cxd5 Nxg5 7. Nxg5 e6 8. Nf3 exd5 9. e3 a5 10. Be2 O-O 11. O-O 1/2-1/2

[Event "II Open ROMGAZ"]
[Site "Bucarest ROM"]
[Date "2008.09.17"]
[Round "7"]
[White "Manolache, M."]
[Black "Nisipeanu, LD."]
[Result "1/2-1/2"]
[WhiteElo "2521"]
[BlackElo "2692"]
[PlyCount "44"]
[EventDate "2008.09.11"]
[Source "www.chesslib.no"]
[SourceDate "2004.05.04"]

1. d4 Nf6 2. c4 g6 3. Nc3 Bg7 4. Nf3 d5 5. Bg5 Ne4 6. cxd5 Nxg5 7. Nxg5 O-O 8. h4 h6 9. Nh3 c6 10. Nf4 cxd5 11. e3 Nc6 12. Be2 e5 13. dxe5 d4 14. exd4 Qxd4 15. Qxd4 Nxd4 16. Bd3 Bxe5 17. Nfd5 Be6 18. O-O Rad8 19. Rae1 Nc6 20. Be4 Bxc3 21. Nxc3 Bc4 22. h5 g5 1/2-1/2

[Event "Moscow ol (Men)"]
[Site "Moscow"]
[Date "1994.??.??"]
[Round "13"]
[White "Zvjaginsev, Vadim"]
[Black "Sokolov, Ivan"]
[Result "1/2-1/2"]
[WhiteElo "2585"]
[BlackElo "2625"]
[PlyCount "80"]
[EventDate "1994.11.??"]
[Source "ChessBase"]

1. d4 Nf6 2. Nf3 g6 3. c4 Bg7 4. Nc3 d5 5. Bg5 dxc4 6. e4 c5 7. Bxc4 cxd4 8. Qxd4 Qxd4 9. Nxd4 Nxe4 10. Nxe4 Bxd4 11. O-O-O Nc6 12. Rhe1 Be6 13. Bxe6 fxe6 14. Be3 O-O-O 15. Bxd4 Nxd4 16. Nc3 Rhf8 17. Re4 Nc6 18. Rxd8+ Kxd8 19. f3 Kd7 20. b4 Rf5 21. b5 Na5 22. Kc2 Rg5 23. g4 Rc5 24. Kd3 b6 25. Rd4+ Ke8 26. h3 Rc7 27. Ne4 Nb7 28. a4 Nc5+ 29. Ke3 e5 30. Rc4 Ne6 31. Rxc7 Nxc7 32. Nd2 Kf7 33. Ke4 Ke6 34. Nc4 Nd5 35. Nxe5 Nc3+ 36. Kd4 Ne2+ 37. Ke4 Ng3+ 38. Kd4 Ne2+ 39. Ke4 Nc3+ 40. Kd4 Ne2+ 1/2-1/2

[Event "Moscow RUS"]
[Site "?"]
[Date "2005.02.16"]
[Round "2"]
[White "Kuzubov Yuriy"]
[Black "Eljanov Pavel"]
[Result "0-1"]
[WhiteElo "2563"]
[BlackElo "2643"]
[PlyCount "48"]
[EventDate "2005.??.??"]
[Source "www.chesslib.no"]
[SourceDate "2004.05.04"]

1. d4 Nf6 2. c4 g6 3. Nc3 d5 4. Nf3 Bg7 5. Bg5 Ne4 6. cxd5 Nxg5 7. Nxg5 e6 8. Qd2 h6 9. Nh3 exd5 10. Qe3+ Kf8 11. Nf4 c5 12. dxc5 d4 13. Qd2 Nc6 14. Ne4 g5 15. Nd3 Qd5 16. Nd6 Be6 17. Rg1 Ne5 18. g3 Nxd3+ 19. exd3 Qxc5 20. Ne4 Qe7 21. Qe2 f5 22. Nd2 Re8 23. O-O-O Qc7+ 24. Kb1 Qf7 0-1

[Event "Biel"]
[Site "Biel"]
[Date "1984.??.??"]
[Round "?"]
[White "Huebner, Robert"]
[Black "Ftacnik, Lubomir"]
[Result "1-0"]
[WhiteElo "2610"]
[BlackElo "2595"]
[PlyCount "285"]
[EventDate "1984.07.??"]
[Source "ChessBase"]

1. d4 Nf6 2. c4 g6 3. Nc3 d5 4. Nf3 Bg7 5. Bg5 Ne4 6. cxd5 Nxg5 7. Nxg5 c6 8. dxc6 Nxc6 9. e3 e5 10. d5 Qxg5 11. dxc6 O-O 12. h4 Qe7 13. Nd5 Qd6 14. c7 e4 15. Bc4 Qc5 16. Qc2 b5 17. Bb3 Qxc2 18. Bxc2 Re8 19. O-O-O Bb7 20. Kb1 Rac8 21. h5 Re5 22. Bb3 Bxd5 23. Rxd5 Rxc7 24. Rxe5 Bxe5 25. Rh4 Rd7 26. Rxe4 Bf6 27. hxg6 hxg6 28. Kc1 Rc7+ 29. Bc2 Kf8 30. a4 bxa4 31. Rxa4 Rb7 32. Ra2 Be7 33. Bd3 Bb4 34. Kd1 a5 35. b3 Rc7 36. Bc4 Kg7 37. Ke2 Kf6 38. f4 g5 39. g3 gxf4 40. gxf4 Ke7 41. e4 f6 42. Kf3 Rd7 43. Rh2 Rd2 44. Rh7+ Kd8 45. Ra7 Rf2+ 46. Kg3 Rd2 47. Kg4 Rh2 48. Ra6 Bc3 49. Rc6 Ke7 50. Kg3 Rd2 51. Bd5 Bd4 52. Re6+ Kd7 53. Ra6 Bc3 54. Kf3 Ke7 55. Ra7+ Kd8 56. Kg4 Rf2 57. Bc6 Kc8 58. Bd7+ Kd8 59. Bb5 Rg2+ 60. Kf3 Rd2 61. Ra8+ Kc7 62. Re8 Bd4 63. Re6 Rb2 64. Ba4 Rf2+ 65. Kg3 Re2 66. Rc6+ Kb8 67. Rc4 Bb6 68. Kg4 Rg2+ 69. Kf5 Rd2 70. e5 fxe5 71. Kxe5 Bc7+ 72. Kf5 Kb7 73. Kg4 Rg2+ 74. Kf3 Rd2 75. f5 Kc8 76. Kg4 Kd8 77. Re4 Bd6 78. f6 Rf2 79. Kg5 Rf3 80. Re8+ Kc7 81. Re7+ Kb6 82. Kg6 Ba3 83. Re2 Kc7 84. Re7+ Kd8 85. Rd7+ Kc8 86. Ra7 Rg3+ 87. Kh7 Rh3+ 88. Kg8 Rg3+ 89. Kh7 Rh3+ 90. Kg6 Rg3+ 91. Kf5 Rf3+ 92. Kg5 Bb2 93. f7 Ba3 94. Kg4 Kb8 95. Rd7 Rf6 96. Bb5 Kc8 97. Ra7 Bb4 98. Bc4 Kb8 99. Rd7 Kc8 100. Rd4 Kc7 101. Re4 Kd7 102. Re8 Be7 103. Ra8 Bb4 104. Kg5 Be7 105. Ra7+ Kd8 106. Kg4 Bb4 107. Rb7 Kc8 108. Ra7 Kb8 109. Rd7 Kc8 110. Rd4 Kc7 111. Re4 Kd8 112. Re8+ Kd7 113. Ra8 Ke7 114. Bd5 Kd7 115. Ra7+ Kd8 116. Bc4 Kc8 117. Kg5 Rf3 118. Bd5 Rf1 119. Kg6 Rg1+ 120. Kh7 Rf1 121. Bc4 Rf3 122.  e6+ Kb8 123. Rd7 Rf1 124. Rd5 Kc7 125. Rb5 Kd6 126. Bf5 Rh1+ 127. Kg8 Rg1+ 128. Kf8 Bc3 129. Rb6+ Kc5 130. Rb8 Be5 131. Ke8 Bd6 132. Be6 Re1 133. Rc8+ Kb4 134. Rc4+ Kb5 135. Kd7 Rd1 136. Re4 Rd2 137. Ke8 Rf2 138. Bd7+ Kb6 139. Re7 Kc7 140. Be6+ Kc6 141. f8=Q Rxf8+ 142. Kxf8 Kc5 143. Bd7 1-0

[Event "Munchen"]
[Site "?"]
[Date "1990.??.??"]
[Round "?"]
[White "Beliavsky, A."]
[Black "Kindermann, S."]
[Result "1-0"]
[WhiteElo "2640"]
[BlackElo "2560"]
[PlyCount "85"]
[EventDate "1990.??.??"]
[Source "ChessBase"]
[SourceDate "1990.07.01"]

1. d4 Nf6 2. c4 g6 3. Nc3 d5 4. Nf3 Bg7 5. Bg5 Ne4 6. Bh4 Nxc3 7. bxc3 dxc4 8. Qa4+ Qd7 9. Qxc4 b6 10. e3 Ba6 11. Qb3 Bxf1 12. Kxf1 Nc6 13. Ke2 O-O 14. Rhd1 Na5 15. Qb4 e6 16. Rac1 c5 17. dxc5 Qb7 18. cxb6 axb6 19. Kf1 Rfc8 20. Nd2 Nc6 21. Qb3 Qa6+ 22. c4 Qxa2 23. Qxa2 Rxa2 24. Ne4 h6 25. c5 b5 26. Rd7 Ne5 27. Rb7 Nd3 28. Nd6 Rf8 29. Rd1 Nxc5 30. Rxb5 Na4 31. Rb7 g5 32. Bg3 Nc3 33. Rc1 Nd5 34. h3 Raa8 35. e4 Nc3 36. Rb3 Na4 37. Rc7 Bd4 38. Rc4 Bg7 39. e5 f5 40. f4 gxf4 41. Bxf4 Ra5 42. Rc7 Nc5 43. Rg3 1-0

[Event "55. ch-GRE"]
[Site "?"]
[Date "2005.11.16"]
[Round "1"]
[White "Banikas Hristos"]
[Black "Kotronias Vasilios"]
[Result "1/2-1/2"]
[WhiteElo "2566"]
[BlackElo "2626"]
[PlyCount "30"]
[EventDate "2005.??.??"]
[Source "www.chesslib.no"]
[SourceDate "2004.05.04"]

1. d4 Nf6 2. c4 g6 3. Nc3 d5 4. Nf3 Bg7 5. Bg5 Ne4 6. Bh4 Nxc3 7. bxc3 dxc4 8. e3 Be6 9. Rb1 b6 10. Be2 O-O 11. O-O Nc6 12. Ng5 Bd5 13. e4 h6 14. Rb5 Qe8 15. Rxd5 e6 1/2-1/2

[Event "Biel"]
[Site "?"]
[Date "1984.??.??"]
[Round "?"]
[White "Huebner, Robert"]
[Black "Ftacnik, Lubomir"]
[Result "1-0"]
[WhiteElo "2620"]
[BlackElo "2570"]
[PlyCount "29"]
[EventDate "1984.??.??"]
[Source "www.chesslib.no"]
[SourceDate "2004.05.04"]

1. d4 Nf6 2. c4 g6 3. Nc3 d5 4. Nf3 Bg7 5. Bg5 Ne4 6. cxd5 Nxg5 7. Nxg5 c6 8. dxc6 Nxc6 9. e3 e5 10. d5 Qxg5 11. dxc6 O-O 12. h4 Qe7 13. Nd5 Qd6 14. c7 e4 15. Bc4 1-0

[Event "URS Spartakiad"]
[Site "Moscow RUS"]
[Date "1979.??.??"]
[Round "2"]
[White "Petrosian, Tigran V"]
[Black "Vaganian, Rafael A"]
[Result "1/2-1/2"]
[WhiteElo "2610"]
[BlackElo "2570"]
[PlyCount "29"]
[EventDate "1979.07.11"]
[Source "www.chesslib.no"]
[SourceDate "2004.05.04"]

1. d4 Nf6 2. c4 g6 3. Nf3 Bg7 4. Nc3 d5 5. Bg5 Ne4 6. cxd5 Nxg5 7. Nxg5 e6 8. Nf3 exd5 9. e3 O-O 10. Bd3 Nc6 11. O-O a5 12. a3 Ne7 13. b4 Bg4 14. b5 Qd6 15. Be2 1/2-1/2

[Event "It (cat.14)"]
[Site "Wijk aan Zee (Netherlands)"]
[Date "2007.01.19"]
[Round "6"]
[White "Georgiev Vladimir (MKD)"]
[Black "Bu Xiangzhi (CHN)"]
[Result "1/2-1/2"]
[WhiteElo "2525"]
[BlackElo "2644"]
[PlyCount "90"]
[EventDate "2007.??.??"]
[Source "www.chesslib.no"]
[SourceDate "2004.05.04"]

1. d4 Nf6 2. c4 g6 3. Nc3 d5 4. Nf3 Bg7 5. Bg5 Ne4 6. Bh4 Nxc3 7. bxc3 c5 8. cxd5 Qxd5 9. e3 cxd4 10. cxd4 Nc6 11. Be2 O-O 12. O-O e5 13. dxe5 Qxd1 14. Rfxd1 Nxe5 15. Nxe5 Bxe5 16. Rab1 b6 17. f4 Bg7 18. Bf3 Bf5 19. Bxa8 Bxb1 20. Bd5 Bf5 21. e4 Bg4 22. Rd2 Rc8 23. Kf2 Bf8 24. Bb3 Bc5+ 25. Kg3 h5 26. Rd8+ Rxd8 27. Bxd8 b5 28. h3 Be2 29. f5 gxf5 30. exf5 Be3 31. Kh4 Kg7 32. g4 hxg4 33. hxg4 f6 34. Ba5 Bf2+ 35. Kh3 Bf1+ 36. Kh2 Bc5 37. Kg3 b4 38. g5 fxg5 39. Bd8 Bd3 40. Kg4 Be2+ 41. Kxg5 Be3+ 42. Kh4 Bf2+ 43. Kg5 Be3+ 44. Kh4 Bd4 45. Kg5 Be3+ 1/2-1/2

[Event "Pozega"]
[Site "Pozega"]
[Date "2000.??.??"]
[Round "2"]
[White "Kozul, Zdenko"]
[Black "Palac, Mladen"]
[Result "1/2-1/2"]
[WhiteElo "2597"]
[BlackElo "2570"]
[PlyCount "102"]
[EventDate "2000.??.??"]
[Source "www.chesslib.no"]
[SourceDate "2004.05.04"]

1. d4 Nf6 2. c4 g6 3. Nc3 d5 4. Nf3 Bg7 5. Bg5 Ne4 6. cxd5 Nxg5 7. Nxg5 e6 8. Nf3 exd5 9. e3 O-O 10. b4 Qd6 11. Qb3 Nc6 12. Rb1 Be6 13. Be2 h6 14. O-O f5 15. Na4 b6 16. Qd3 Bd7 17. b5 Ne7 18. Ne5 Rac8 19. Nxd7 Qxd7 20. Qb3 c6 21. bxc6 Qxc6 22. Ba6 Rc7 23. Nb2 f4 24. Nd3 fxe3 25. fxe3 Rxf1+ 26. Rxf1 Qe6 27. Nf4 Qe4 28. Be2 Qc2 29. Bd1 Qd2 30. Nxd5 Nxd5 31. Qxd5+ Kh7 32. Qe6 Rc3 33. Bb3 h5 34. d5 Rxe3 35. Qf7 Re1 36. h3 Kh6 37. Bc4 Re4 38. Bb3 b5 39. Kh1 Re1 40. Qf3 a5 41. d6 a4 42. Bg8 Rc1 43. Rxc1 Qxc1+ 44. Kh2 Be5+ 45. g3 Bxd6 46. h4 b4 47. Kh3 b3 48. axb3 a3 49. b4 Qb1 50. Qe3+ Kg7 51. Bd5 Qa1 1/2-1/2

[Event "NED-ch"]
[Site "NED"]
[Date "1996.??.??"]
[Round "2"]
[White "Cifuentes Parada, Roberto"]
[Black "Sokolov, Ivan"]
[Result "0-1"]
[WhiteElo "2490"]
[BlackElo "2665"]
[PlyCount "72"]
[EventDate "1996.06.??"]
[Source "ChessBase"]

1. d4 Nf6 2. c4 g6 3. Nc3 d5 4. Nf3 Bg7 5. Bg5 c5 6. Bxf6 Bxf6 7. Nxd5 Bg7 8. e3 Nc6 9. Be2 O-O 10. O-O e6 11. Nc3 cxd4 12. exd4 Nxd4 13. Nxd4 Bxd4 14. Qc2 e5 15. Rad1 Bf5 16. Bd3 Bg4 17. Be2 Bd7 18. Bf3 Bc6 19. Bxc6 bxc6 20. c5 Qa5 21. Na4 Qb5 22. Kh1 Rad8 23. h3 Rd7 24. b3 Rfd8 25. Rc1 f5 26. a3 e4 27. b4 Kg7 28. Nb2 a5 29. Qb3 axb4 30. axb4 Bxc5 31. Nc4 Rd3 32. Qa2 Bd4 33. Na5 Rd6 34. Rc4 Bf6 35. Qc2 Rc3 36. Qa2 Rd4 0-1

[Event "Munich"]
[Site "Munich"]
[Date "1990.??.??"]
[Round "?"]
[White "Van der Sterren, Paul"]
[Black "Beliavsky, Alexander G"]
[Result "1/2-1/2"]
[WhiteElo "2515"]
[BlackElo "2640"]
[PlyCount "121"]
[EventDate "1990.04.??"]
[Source "ChessBase"]

1. d4 Nf6 2. c4 g6 3. Nc3 d5 4. Nf3 Bg7 5. Bg5 Ne4 6. Bh4 c5 7. cxd5 Nxc3 8. bxc3 Qxd5 9. e3 cxd4 10. cxd4 Nc6 11. Be2 e5 12. dxe5 Qa5+ 13. Qd2 Qxd2+ 14. Kxd2 Nxe5 15. Rab1 O-O 16. Nd4 Nc6 17. Nxc6 bxc6 18. Rhc1 h6 19. Rxc6 g5 20. Bg3 Rd8+ 21. Rd6 Be6 22. a4 a5 23. Rxd8+ Rxd8+ 24. Bd3 Bd7 25. Bc7 Rc8 26. Bxa5 Bxa4 27. Be4 Bd7 28. Bd5 Rc5 29. Rb8+ Kh7 30. Be4+ Bf5 31. Bb4 Re5 32. Bc6 Be4 33. Bxe4+ Rxe4 34. Kd3 Re6 35. Rb7 Kg6 36. g4 Be5 37. h3 Rf6 38. Ke4 Bh2 39. f3 h5 40. Bc5 hxg4 41. hxg4 Re6+ 42. Kd5 Re5+ 43. Kc4 Re6 44. Bd4 Bg3 45. Rb5 Rc6+ 46. Kd3 Re6 47. Rf5 Ra6 48. f4 gxf4 49. exf4 Bh4 50. Ke4 Re6+ 51. Be5 Ra6 52. Rh5 Bf6 53. Bxf6 Rxf6 54. f5+ Kg7 55. Rh1 Ra6 56. g5 Ra4+ 57. Kf3 Ra3+ 58. Kg4 Ra4+ 59. Kh5 f6 60. Rb1 fxg5 61. Kxg5 1/2-1/2